| 000 | 00769nam a2200181Ia 4500 | ||
|---|---|---|---|
| 005 | 20250423100011.0 | ||
| 008 | 250422s9999 xx 000 0 und d | ||
| 020 | _a9789221094524 | ||
| 050 | _aHD 5852 .R65/ | ||
| 100 | _aEdited by Rolph Van der Hoeven and Gyorgy Sziracki. | ||
| 245 | 0 | _aLessons from privatization : labour issues in developing and transitional countries | |
| 260 | _aGeneva | ||
| 260 | _bInternational Labour Office | ||
| 260 | _c1997 | ||
| 300 | _a191 p | ||
| 650 | _aLabor market--Developing countries. Unemployment--Developing countries. Privatization--Developing countries. Government business enterprises--Employees--Supply and demand--Developing countries. Structural adjustment (Economic policy)--Developing countries. | ||
| 942 | _cBK | ||
| 999 |
_c31985 _d31985 |
||